| 000 | 00343nam a22001457a 4500 | ||
|---|---|---|---|
| 008 | 230512b ||||| |||| 00| 0 eng d | ||
| 020 | _a9781259306365 | ||
| 041 | _aeng | ||
| 080 |
_2FOURTH EDITION _a51 |
||
| 082 | _a51MES | ||
| 100 | _a22 | ||
| 101 | _aMATE | ||
| 245 |
_aBEGINNING INTERMEDIATE ALGEBRA _cMESSERSMITH .SH |
||
| 942 |
_2udc _cBK |
||
| 999 |
_c59701 _d59701 |
||